[Event "SRB-chT3 North CS"]
[Site "Serbia"]
[Date "2017.10.12"]
[Round "6.5"]
[White "Bojicic, Dragoljub"]
[Black "Zivkovic, Vladisa"]
[Result "1-0"]
[WhiteElo "1730"]
[BlackElo "1730"]
[PlyCount "85"]
[EventDate "2017.09.03"]
[EventType "team-tourn"]
[EventRounds "11"]
[EventCountry "SRB"]
[SourceTitle "EXT 2021"]
[Source "ChessBase"]
[SourceDate "2020.10.23"]
[SourceVersion "1"]
[SourceVersionDate "2020.10.23"]
[SourceQuality "1"]

1. e4 e5 2. Nf3 Nc6 3. Bc4 Bc5 4. 0-0 d6 5. h3 Nf6 6. d3 0-0 7. Nc3 h6 8. a3 a6 9. Ne2 Ne7 10. c3 Ng6 11. d4 exd4 12. cxd4 Bb6 13. Ng3 Nxe4 14. Bxf7+ Rxf7 15. Nxe4 d5 16. Nc5 c6 17. Re1 Bf5 18. Ne5 Nxe5 19. Rxe5 Bxc5 20. dxc5 Qf6 21. Qd4 Re7 22. Bf4 Rae8 23. Rae1 Be4 24. Rxe7 Qxd4 25. Rxe8+ Kf7 26. Rb8 Qxb2 27. Bd6 Qd2 28. Rxb7+ Kf6 29. Re3 g5 30. Bf8 h5 31. Rc7 Kf5 32. Rxc6 d4 33. g4+ hxg4 34. hxg4+ Kxg4 35. Rxe4+ Kf3 36. Rf6+ Kxe4 37. Rxa6 Qd1+ 38. Kg2 Qg4+ 39. Kf1 d3 40. Ra4+ Kf3 41. Rxg4 Kxg4 42. Ke1 Kf3 43. c6 1-0

[Event "SRB-ch sf"]
[Site "Belgrade"]
[Date "2016.03.28"]
[Round "8"]
[White "Zivkovic, Vladisa"]
[Black "Dobricanin, Milutin"]
[Result "1-0"]
[WhiteElo "1717"]
[BlackElo "1909"]
[PlyCount "28"]
[EventDate "2016.03.21"]
[EventType "swiss"]
[EventRounds "9"]
[EventCountry "SRB"]
[SourceTitle "CBM 171 Extra"]
[Source "ChessBase"]
[SourceDate "2016.04.26"]
[SourceVersion "1"]
[SourceVersionDate "2016.04.26"]
[SourceQuality "1"]

1. e4 c6 2. d4 d5 3. exd5 cxd5 4. Nf3 Nc6 5. a3 Nf6 6. Bd3 Bg4 7. Be3 e6 8. h3 Bh5 9. Nbd2 Be7 10. c3 0-0 11. Qc2 Bg6 12. Bxg6 hxg6 13. 0-0-0 b5 14. h4 Ng4 1-0

[Event "SRB-ch sf"]
[Site "Belgrade"]
[Date "2016.03.26"]
[Round "6"]
[White "Zivkovic, Vladisa"]
[Black "Jovanovic, Dejan R"]
[Result "0-1"]
[WhiteElo "1717"]
[BlackElo "2120"]
[PlyCount "62"]
[EventDate "2016.03.21"]
[EventType "swiss"]
[EventRounds "9"]
[EventCountry "SRB"]
[SourceTitle "CBM 171 Extra"]
[Source "ChessBase"]
[SourceDate "2016.04.26"]
[SourceVersion "1"]
[SourceVersionDate "2016.04.26"]
[SourceQuality "1"]

1. e4 c6 2. d4 d5 3. Nc3 dxe4 4. Nxe4 Bf5 5. Ng3 Bg6 6. N1e2 h6 7. c3 e6 8. Be3 Nf6 9. h3 Nbd7 10. Nf4 Bh7 11. Bc4 Nd5 12. 0-0 Bd6 13. Bxd5 exd5 14. Nfh5 Rg8 15. Re1 Kf8 16. Qd2 Bxg3 17. Bxh6 Bxf2+ 18. Kh1 Bxe1 19. Rxe1 Nf6 20. Bg5 Be4 21. Bxf6 gxf6 22. Qh6+ Ke7 23. Qxf6+ Kd7 24. Qxf7+ Kc8 25. Qe6+ Kc7 26. Re2 Rg6 27. Qf7+ Qd7 28. Qf4+ Kb6 29. c4 Qxh3+ 30. Qh2 Qxh2+ 31. Kxh2 Rh8 0-1

[Event "SRB-ch sf"]
[Site "Belgrade"]
[Date "2016.03.25"]
[Round "5"]
[White "Bjeletic, Zeljko"]
[Black "Zivkovic, Vladisa"]
[Result "0-1"]
[WhiteElo "1456"]
[BlackElo "1717"]
[PlyCount "176"]
[EventDate "2016.03.21"]
[EventType "swiss"]
[EventRounds "9"]
[EventCountry "SRB"]
[SourceTitle "CBM 171 Extra"]
[Source "ChessBase"]
[SourceDate "2016.04.26"]
[SourceVersion "1"]
[SourceVersionDate "2016.04.26"]
[SourceQuality "1"]

1. e4 e5 2. Nc3 Nf6 3. Bc4 Bc5 4. d3 a6 5. a4 c6 6. Nf3 0-0 7. 0-0 d6 8. h3 Nbd7 9. Bd2 h6 10. Rb1 Qe7 11. b4 Ba7 12. b5 d5 13. exd5 axb5 14. axb5 cxd5 15. Bxd5 Bb6 16. Bc4 Ba5 17. Nd5 Nxd5 18. Bxd5 Nb6 19. Bb3 Kh8 20. Bxa5 Rxa5 21. c4 Be6 22. Qd2 Rfa8 23. Rfe1 f6 24. Qe3 Qd8 25. Nh4 Bf7 26. Qe4 R8a7 27. Ng6+ Bxg6 28. Qxg6 Ra3 29. Bc2 Qg8 30. f4 Rc3 31. Rb2 Ra8 32. fxe5 fxe5 33. Qxb6 Qf8 34. Qf2 Qa3 35. Reb1 Qd6 36. Rb3 Rf8 37. Qe2 Qd4+ 38. Kh1 Rf2 39. Qe4 Qxe4 40. dxe4 Rcxc2 41. Rg1 Rxc4 42. Rf3 Rb2 43. Re3 Rxb5 44. Kh2 Rbb4 45. Rge1 b5 46. Kg3 Kh7 47. Kg4 Kg6 48. g3 h5+ 49. Kf3 Kf6 50. h4 Rb2 51. Rd1 Rcc2 52. Rf1 Rg2 53. Rc3 Rgc2 54. Ke3+ Ke6 55. Rxc2 Rxc2 56. Rb1 Rc3+ 57. Kf2 Rc5 58. Rb3 Kd6 59. Kf3 Kc6 60. g4 g6 61. gxh5 gxh5 62. Ke3 Kb6 63. Rd3 b4 64. Rd6+ Kb5 65. Rd8 Kc4 66. Kd2 b3 67. Rb8 Rb5 68. Rc8+ Kd4 69. Rc1 b2 70. Rb1 Kxe4 71. Kc2 Kf4 72. Rf1+ Kg4 73. Kb1 Kxh4 74. Rh1+ Kg4 75. Rg1+ Kf3 76. Rg5 h4 77. Rh5 Kg4 78. Rh8 h3 79. Rg8+ Kf4 80. Rf8+ Ke3 81. Rh8 e4 82. Rxh3+ Kd4 83. Rh8 e3 84. Rd8+ Ke4 85. Re8+ Re5 86. Rh8 e2 87. Rh4+ Ke3 88. Rh1 Kd2 0-1

[Event "SRB-ch sf"]
[Site "Belgrade"]
[Date "2016.03.23"]
[Round "3"]
[White "Josipovic, Dragan"]
[Black "Zivkovic, Vladisa"]
[Result "1-0"]
[WhiteElo "2104"]
[BlackElo "1717"]
[PlyCount "53"]
[EventDate "2016.03.21"]
[EventType "swiss"]
[EventRounds "9"]
[EventCountry "SRB"]
[SourceTitle "CBM 171 Extra"]
[Source "ChessBase"]
[SourceDate "2016.04.26"]
[SourceVersion "1"]
[SourceVersionDate "2016.04.26"]
[SourceQuality "1"]

1. e4 e5 2. d4 exd4 3. Qxd4 Nc6 4. Qe3 b6 5. Nc3 Bc5 6. Qg3 Bd4 7. Bd2 Nf6 8. 0-0-0 0-0 9. Bd3 a5 10. Nb5 Ba6 11. Ne2 Bxb5 12. Bxb5 Nxe4 13. Qf4 Nxf2 14. Nxd4 Nxd4 15. Qxd4 Nxh1 16. Rxh1 c6 17. Bd3 d5 18. h4 c5 19. Qg4 g6 20. h5 f5 21. Qg3 c4 22. hxg6 cxd3 23. gxh7+ Kh8 24. Qe5+ Qf6 25. Bc3 d2+ 26. Kd1 Kg7 27. h8Q+ 1-0

[Event "SRB-ch sf"]
[Site "Belgrade"]
[Date "2016.03.21"]
[Round "1"]
[White "Tisma, Ivan"]
[Black "Zivkovic, Vladisa"]
[Result "1-0"]
[WhiteElo "2250"]
[BlackElo "1717"]
[PlyCount "61"]
[EventDate "2016.03.21"]
[EventType "swiss"]
[EventRounds "9"]
[EventCountry "SRB"]
[SourceTitle "CBM 171 Extra"]
[Source "ChessBase"]
[SourceDate "2016.04.26"]
[SourceVersion "1"]
[SourceVersionDate "2016.04.26"]
[SourceQuality "1"]

1. c4 Nf6 2. Nf3 g6 3. g3 Bg7 4. Bg2 d6 5. 0-0 0-0 6. Nc3 Nbd7 7. Rb1 a6 8. b4 c6 9. a4 Nb6 10. d3 d5 11. a5 Nbd7 12. cxd5 cxd5 13. Qb3 e6 14. e4 Nb8 15. Be3 Ng4 16. Bb6 Qd7 17. Na4 Re8 18. Bc5 b5 19. Nb6 Qb7 20. Nxa8 Qxa8 21. exd5 exd5 22. Rfe1 Be6 23. Nd4 Bxd4 24. Bxd4 Nc6 25. Bc5 Qc8 26. Rbc1 d4 27. Qc2 Qd7 28. h3 Nge5 29. f4 Bxh3 30. fxe5 Bxg2 31. Qxg2 1-0

[Event "SRB-ch Central"]
[Site "Kragujevac"]
[Date "2015.03.11"]
[Round "4"]
[White "Zivkovic, Vladisa"]
[Black "Ilic, Slobodan S"]
[Result "0-1"]
[WhiteElo "1787"]
[BlackElo "1956"]
[PlyCount "58"]
[EventDate "2015.03.09"]
[EventType "swiss"]
[EventRounds "9"]
[EventCountry "SRB"]
[SourceTitle "CBM 165 Extra"]
[Source "ChessBase"]
[SourceDate "2015.04.21"]
[SourceVersion "1"]
[SourceVersionDate "2015.04.21"]
[SourceQuality "1"]

1. d4 Nf6 2. Nf3 e6 3. c4 d5 4. Nc3 Be7 5. Bg5 0-0 6. e3 h6 7. Bh4 b6 8. Qc2 Bb7 9. Bd3 Nbd7 10. h3 c5 11. dxc5 Nxc5 12. 0-0-0 Rc8 13. Nd4 Nxd3+ 14. Rxd3 Rxc4 15. Rg1 Ne4 16. Bxe7 Qxe7 17. f3 Nd6 18. Kb1 b5 19. b3 Rc7 20. Qd2 a6 21. g4 Rfc8 22. Nce2 Qh4 23. Rc3 Rxc3 24. Nxc3 Qxh3 25. g5 hxg5 26. Rxg5 Qh4 27. Qg2 Qe1+ 28. Kb2 Qxc3+ 29. Ka3 Nc4# 0-1

[Event "Paracin-ch"]
[Site "Paracin"]
[Date "2015.01.15"]
[Round "1"]
[White "Milenkovic, Mladen"]
[Black "Zivkovic, Vladisa"]
[Result "1-0"]
[WhiteElo "2330"]
[BlackElo "1796"]
[PlyCount "83"]
[EventDate "2015.01.15"]
[EventType "swiss"]
[EventRounds "7"]
[EventCountry "SRB"]
[SourceTitle "CBM 164 Extra"]
[Source "ChessBase"]
[SourceDate "2015.03.02"]
[SourceVersion "1"]
[SourceVersionDate "2015.03.02"]
[SourceQuality "1"]

1. e4 e5 2. Nf3 Nc6 3. Bc4 d6 4. d4 Bg4 5. d5 Nd4 6. Nbd2 Nf6 7. h3 Bh5 8. g4 Nxf3+ 9. Qxf3 Bg6 10. g5 Nh5 11. Bb5+ Ke7 12. Nf1 c6 13. Bd3 Kd7 14. Bd2 Be7 15. 0-0-0 Bxg5 16. Qg4+ Kc7 17. Bxg5 f6 18. Be3 Re8 19. Ng3 Nxg3 20. fxg3 cxd5 21. exd5 e4 22. Bb5 Re7 23. h4 a6 24. Bf1 Rc8 25. Bh3 f5 26. Qe2 h6 27. h5 Bh7 28. Rhf1 Kb8 29. Bxf5 Bxf5 30. Rxf5 Qa5 31. Kb1 Rec7 32. Qd2 Qa4 33. b3 Qd7 34. Qd4 b6 35. Rdf1 Rc5 36. Rf7 Qb5 37. Qxg7 R5c7 38. c4 Qb4 39. Rxc7 Rxc7 40. Rf8+ Kb7 41. Qh8 Qe1+ 42. Kb2 1-0

[Event "SRB Central-ch op-B 7th"]
[Site "Paracin"]
[Date "2014.07.04"]
[Round "1"]
[White "Zivkovic, Vladisa"]
[Black "Miljkovic, Jovana"]
[Result "0-1"]
[WhiteElo "1985"]
[BlackElo "1674"]
[PlyCount "54"]
[EventDate "2014.07.04"]
[EventType "swiss"]
[EventRounds "9"]
[EventCountry "SRB"]
[SourceTitle "CBM 161 Extra"]
[Source "ChessBase"]
[SourceDate "2014.08.29"]
[SourceVersion "1"]
[SourceVersionDate "2014.08.29"]
[SourceQuality "1"]

1. e4 c5 2. c3 d5 3. e5 d4 4. Bc4 e6 5. Nf3 a6 6. 0-0 Nc6 7. d3 Nge7 8. cxd4 cxd4 9. Bg5 Qd7 10. Nbd2 Ng6 11. Re1 h6 12. Bh4 Nxh4 13. Nxh4 Bb4 14. a3 Bxd2 15. Qxd2 0-0 16. f4 b5 17. Ba2 Bb7 18. f5 Ne7 19. f6 Ng6 20. fxg7 Kxg7 21. Qf2 Nxh4 22. Qxh4 Kh7 23. Re2 Qc6 24. Rf1 Rac8 25. Rf6 Qc1+ 26. Re1 Qd2 27. h3 Qxg2# 0-1